The Walking Dead 'Simpsonized' Quiz Stats

Quiz not verified by Sporcle

Score 0/7 Timer 02:00
1 Play Today
% Correct
Rick Grimes
99.5%
Carl Grimes
96.8%
Glenn Rhee
96.7%
Daryl Dixon
95.8%
The Governor
94.6%
Michonne
94.3%
Maggie Greene
94%

You're not logged in!

Compare scores with friends on all Sporcle quizzes.
Sign Up with Email
OR
Log In

You Might Also Like...

Show Comments

Extras

Top Quizzes Today


Score Distribution

Your Account Isn't Verified!

In order to create a playlist on Sporcle, you need to verify the email address you used during registration. Go to your Sporcle Settings to finish the process.